000 02560cam a2200313 4500500
005 20260412000700.0
041 _afre
042 _adc
100 1 0 _aMonferrand, Frédéric
_eauthor
245 0 0 _aGenèse et complexité : les deux ontologies de Georg Lukács
260 _c2017.
500 _a82
520 _aL’article propose de lire l’ Ontologie de l’être social de Georg Lukács comme un révélateur des difficultés inhérentes au projet d’une ontologie marxiste de la société. Il défend la thèse selon laquelle Lukács explore deux perspectives ontologiques hétérogènes, qui engagent deux acceptions distinctes de l’idée d’une détermination économique des phénomènes sociaux : une perspective génétique formulée en termes de « praxis », pour laquelle la réalité sociale est fondée sur le travail, et une perspective processuelle formulée en termes de « totalité », pour laquelle la production n’est qu’une sphère parmi d’autres de la société. La coexistence de ces deux ontologies introduit une tension dans le texte de Lukács, qu’il déplace sur le terrain d’une philosophie de l’histoire à visée émancipatrice.
520 _aGenesis and Complexity : the Two Ontologies of Georg LukácsThis article aims at reading Georg Lukács’ Ontology of Social Being as revealing difficulties in the project of elaborating a marxist ontology of society. It claims that Lukács explores two heterogenous ontological perspectives, which engage two distinct interpretations of the idea of an economic determination of social phenomena : a genetic perspective, worded in terms of « praxis », according to which social relaty is grounded on labor, and a processual one, worded in terms of « totality » according to which production is but one of society’s spheres. The coexistence of these ontologies introduces a tension in Lukács’ text, which he adresses at the level of an emancipation-oriented philosophy of history.
690 _acomplexité
690 _aGeorg Lukács
690 _aontologie processuelle
690 _aontologie sociale
690 _aphilosophie de l’histoire
690 _apraxis
690 _acomplexity
690 _aGeorg Lukács
690 _aphilosophy of history
690 _apraxis
690 _aprocess ontology
690 _asocial ontology
786 0 _nActuel Marx | 62 | 2 | 2017-09-05 | p. 140-153 | 0994-4524
856 4 1 _uhttps://shs.cairn.info/revue-actuel-marx-2017-2-page-140?lang=fr&redirect-ssocas=7080
999 _c2210891
_d2210891